00568nam a2200181 a 4500001000400000003000900004005001700013008004100030040003800071082001600109100002300125245004500148250001200193260004000205300003900245505008900284650001300373981BD-DhUAP20201217101022.0201105s1995 ii a 000 0 mul d aBD-DhAALcBD-DhAALbEngdBD-DhUAP00a530 AHM223 aAhmad, Gias Uddin.10aOutlines of physics /cGias Uddin Ahmad. a1st ed. aDhaka :bHafiz book centre,cc1995. avolumes :billustrations ;c28 cm. aV. 1-(Waves & oscillations, properties of matter, heat & thermodynamies and optics). 0aPhysics.